Bibliography of Indian handicrafts (Record no. 9627)

MARC details
000 -CABECERA
campo de control de longitud fija 00687nam a2200217 a 4500
001 - NÚMERO DE CONTROL
campo de control BRL_815
005 - FECHA Y HORA DE LA ÚLTIMA TRANSACCIÓN
campo de control 20190320210916.0
008 - DATOS DE LONGITUD FIJA--INFORMACIÓN GENERAL
campo de control de longitud fija 091013s1975----ii-######b---#000-0ceng-#
041 ## - CÓDIGO DE LENGUA
Código de lengua del texto/banda sonora o título independiente eng
044 ## - CÓDIGO DEL PAÍS DE LA ENTIDAD EDITORA/PRODUCTORA
Código MARC del país II
050 #4 - SIGNATURA TOPOGRÁFICA DE LA BIBLIOTECA DEL CONGRESO
Número de clasificación TT103
Número de documento/Ítem .B53 1975
245 10 - MENCIÓN DE TÍTULO
Título Bibliography of Indian handicrafts
Resto del título all India handicrafts board
Mención de responsabilidad, etc. Compiled by P. Vijayalakshmi
260 ## - PUBLICACIÓN, DISTRIBUCIÓN, ETC.
Lugar de publicación, distribución, etc. Coimbatore
Nombre del editor, distribuidor, etc. The manager Govt. of India Press
Fecha de publicación, distribución, etc. 1975
300 ## - DESCRIPCIÓN FÍSICA
Extensión iii, 112 p.
Dimensiones 20 cm.
500 ## - NOTA GENERAL
Nota general Au915
504 ## - NOTA DE BIBLIOGRAFÍA, ETC.
Nota de bibliografía, etc. contenido 1753 bibliografías sobre artesanìas de la India
650 14 - PUNTO DE ACCESO ADICIONAL DE MATERIA--TÉRMINO DE MATERIA
Término de materia o nombre geográfico como elemento de entrada Artesanías
Subdivisión de forma Bibliografías
Subdivisión geográfica India
9 (RLIN) 25026
700 1# - PUNTO DE ACCESO ADICIONAL--NOMBRE DE PERSONA
Nombre de persona Vijayalakshmi, P.
Término indicativo de función/relación comp.
9 (RLIN) 25027
902 ## - CATALOGADOR
Iniciales GRL
942 ## - ELEMENTOS DE PUNTO DE ACCESO ADICIONAL (KOHA)
Fuente del sistema de clasificación o colocación Library of Congress Classification
Tipo de ítem Koha Libros
Holdings
Estado de retiro Estado de pérdida Estado dañado No para préstamo Localización permanente Ubicación/localización actual Fecha de adquisición Número de inventario Total de préstamos Signatura topográfica completa Código de barras Fecha visto por última vez Precio válido a partir de Tipo de ítem Koha
El ejemplar forma parte de la colección y puede ser consultado según las políticas vigentes.       Biblioteca Centro de Estudios Ruth D. Lechuga Biblioteca Centro de Estudios Ruth D. Lechuga 09/10/2013 Au915   TT103 .B53 1975 (Au915) GRL00884 22/03/2019 22/03/2019 Libros